Transnational Corporations : volume 23 number 1 (Record no. 81416)
[ view plain ]
| 000 -LEADER | |
|---|---|
| fixed length control field | 00870nam a2200241 a 4500 |
| 003 - CONTROL NUMBER IDENTIFIER | |
| control field | CBULib |
| 005 - DATE AND TIME OF LATEST TRANSACTION | |
| control field | 20240410144334.0 |
| 008 - FIXED-LENGTH DATA ELEMENTS--GENERAL INFORMATION | |
| fixed length control field | 190521s2015 ||||||||||||||||| || u |
| 020 ## - INTERNATIONAL STANDARD BOOK NUMBER | |
| International Standard Book Number | 9789211128970 |
| 040 ## - CATALOGING SOURCE | |
| Original cataloging agency | CBULib |
| Language of cataloging | English |
| Transcribing agency | CBULib |
| Description conventions | rda |
| 050 ## - LIBRARY OF CONGRESS CALL NUMBER | |
| Classification number | UN(05)TC/2015/23/1 |
| 110 ## - MAIN ENTRY--CORPORATE NAME | |
| Corporate name or jurisdiction name as entry element | United Nations Conference on Trade and Development (UNCTAD) |
| 245 10 - TITLE STATEMENT | |
| Title | Transnational Corporations : volume 23 number 1 |
| Statement of responsibility, etc | / by United Nations Conference on Trade and Development (UNCTAD) |
| 260 ## - PUBLICATION, DISTRIBUTION, ETC. (IMPRINT) | |
| Place of publication, distribution, etc | New York : |
| Name of publisher, distributor, etc | United Nation, |
| Date of publication, distribution, etc | 2015. |
| 300 ## - PHYSICAL DESCRIPTION | |
| Extent | iv , 98pages : illustrations. |
| 336 ## - CONTENT TYPE | |
| Source | rdacontent |
| Content type term | Text | |
| Content type code | txt |
| 337 ## - MEDIA TYPE | |
| Source | rdamedia |
| Media type term | Unmediated | |
| Media type code | n |
| 338 ## - CARRIER TYPE | |
| Source | rdacarrier |
| Carrier type term | Volume |
| Carrier type code | nc |
| 650 ## - SUBJECT ADDED ENTRY--TOPICAL TERM | |
| Topical term or geographic name as entry element | INTERNATIONAL BUSINESS ENTERPRISE |
| 650 ## - SUBJECT ADDED ENTRY--TOPICAL TERM | |
| Topical term or geographic name as entry element | INTERNATIONAL BUSINESS ENTERPRISE --DEVELOPING COUNTRIES |
| 650 ## - SUBJECT ADDED ENTRY--TOPICAL TERM | |
| Topical term or geographic name as entry element | BUSINESS ETHICS |
| 942 ## - ADDED ENTRY ELEMENTS (KOHA) | |
| Source of classification or shelving scheme | |
| Koha item type | INTERNATIONAL PUBLICATIONS |
| Withdrawn status | Lost status | Source of classification or shelving scheme | Damaged status | Not for loan | Collection code | Permanent Location | Current Location | Shelving location | Date acquired | Source of acquisition | Full call number | Barcode | Date last seen | Copy number | Price effective from | Koha item type | Total Checkouts |
|---|---|---|---|---|---|---|---|---|---|---|---|---|---|---|---|---|---|
| Special Collections | CBU-MAIN LIBRARY, KITWE. | CBU-MAIN LIBRARY, KITWE. | Special Collections | 08/18/2023 | DEP-UNCTA | UN(05)TC/2015/23/1A | B3965 | 08/18/2023 | 1 | 08/18/2023 | INTERNATIONAL PUBLICATIONS | ||||||
| Special Collections | CBU-MAIN LIBRARY, KITWE. | CBU-MAIN LIBRARY, KITWE. | Special Collections | 08/18/2023 | DEP-UNCTAD | UN(05)TC/2015/23/1B | B3966 | 08/18/2023 | 2 | 08/18/2023 | INTERNATIONAL PUBLICATIONS | ||||||
| Special Collections | CBU-MAIN LIBRARY, KITWE. | CBU-MAIN LIBRARY, KITWE. | Special Collections | 08/18/2023 | DEP-UNCTAD | UN(05)TC/2015/23/1C | B2146 | 04/10/2024 | 3 | 08/18/2023 | INTERNATIONAL PUBLICATIONS |